Normal view
MARC view
- Khurmi, R. S.
Entry Personal Name
001 - CONTROL NUMBER
- control field: 2076
003 - CONTROL NUMBER IDENTIFIER
- control field: OSt
005 - DATE AND TIME OF LATEST TRANSACTION
- control field: 20170908111510.0
008 - FIXED-LENGTH DATA ELEMENTS
- fixed length control field: 170908|| aca||aabn | a|a d
040 ## - CATALOGING SOURCE
- Original cataloging agency: OSt
- Transcribing agency: OSt
100 ## - HEADING--PERSONAL NAME
- Personal name: Khurmi, R. S.
670 ## - SOURCE DATA FOUND
- Source citation: Work cat.: (OSt): Khurmi, R. S., Strength of Materials: (Mechanics of Solids) , 2016
